Bicycle mystery / (Record no. 1411)

MARC details
000 -LEADER
fixed length control field 01059cam a2200313 4500
005 - DATE AND TIME OF LATEST TRANSACTION
control field 20231124150312.0
020 ## - INTERNATIONAL STANDARD BOOK NUMBER
International Standard Book Number 0807507083
020 ## - INTERNATIONAL STANDARD BOOK NUMBER
International Standard Book Number 9780807507094
040 ## - CATALOGING SOURCE
Original cataloging agency DLC
Transcribing agency DLC
Modifying agency DLC
-- OCoLC
-- DLC
Language of cataloging eng
050 00 - LIBRARY OF CONGRESS CALL NUMBER
Classification number PZ7.W244
Item number Bi
082 00 - DEWEY DECIMAL CLASSIFICATION NUMBER
Classification number 813
100 1# - MAIN ENTRY--PERSONAL NAME
Personal name Warner, Gertrude Chandler
Dates associated with a name 1890-1979
245 10 - TITLE STATEMENT
Title Bicycle mystery /
Statement of responsibility, etc. GERTRUDE CHANDLER WARNER; Illustrated by David Cunningham.
260 ## - PUBLICATION, DISTRIBUTION, ETC.
Place of publication, distribution, etc. Niles :
Name of publisher, distributor, etc. Albert Whitman and Company,
Date of publication, distribution, etc. 1970
300 ## - PHYSICAL DESCRIPTION
Extent 127 pages :
Other physical details illustrations ;
Dimensions 20 cm
490 0# - SERIES STATEMENT
Series statement The boxcar children
Volume/sequential designation Book 15
505 ## - FORMATTED CONTENTS NOTE
Formatted contents note O <br/>
520 ## - SUMMARY, ETC.
Summary, etc. While on bicycle trip to their aunt's farm, the four Aldens help solve a mystery.
521 ## - TARGET AUDIENCE NOTE
Target audience note 610 <br/>
Source Lexile <br/>
521 ## - TARGET AUDIENCE NOTE
Target audience note O <br/>
Source Raz-Plus <br/>
650 #1 - SUBJECT ADDED ENTRY--TOPICAL TERM
Topical term or geographic name entry element Bicycles and bicycling
Form subdivision Fiction.
650 #1 - SUBJECT ADDED ENTRY--TOPICAL TERM
Topical term or geographic name entry element Brothers and sisters
Form subdivision Fiction.
650 #1 - SUBJECT ADDED ENTRY--TOPICAL TERM
Topical term or geographic name entry element Orphans
Form subdivision Fiction.
650 #1 - SUBJECT ADDED ENTRY--TOPICAL TERM
Topical term or geographic name entry element Mystery and detective stories.
700 1# - ADDED ENTRY--PERSONAL NAME
Personal name Cunningham, David
Dates associated with a name 1938-
Relator term illustrator
906 ## - LOCAL DATA ELEMENT F, LDF (RLIN)
a 7
b cbc
c orignew
d 2
e ncip
f 19
g y-gencatlg
942 ## - ADDED ENTRY ELEMENTS (KOHA)
Source of classification or shelving scheme Dewey Decimal Classification
Koha item type Books
Suppress in OPAC No
999 ## -
-- 1411
-- 1411
Holdings
Withdrawn status Lost status Source of classification or shelving scheme Damaged status Not for loan Collection Home library Current library Shelving location Date acquired Total Checkouts Full call number Barcode Date last seen Price effective from Koha item type
    Dewey Decimal Classification     Juvenile Fiction Footprints International School Library Network Toul Kork Campus Footprints International School Library Network Toul Kork Campus   08/24/2023   WAR 813 PZ7.W244 FIS00788 08/24/2023 08/24/2023 Books